• 首页
  • 本馆介绍
  • 公告通知
  • 最新文献
  • 馆藏检索
  • 电子资源
  • 读者导购
  • 参考咨询
  • 我的图书馆
  • 登录
  • 详细信息显示
  • 放入我的书架
  • 预约/预借图书
  • 作者相关作品
  • 分类相关作品
  • 丛书相关作品
  • 出版社相关作品

书目信息

  • 表格格式
  • 工作单格式
  • 卡片格式
题名:
金融法
    
 
作者: 吴志攀 主编
分册:  
出版信息: 北京   北京大学出版社  1999
页数: 447页
开本: 20cm
丛书名:
单 册:
中图分类: D922.231
科图分类: 29.7512
主题词: 金融法--中国--高等学校--教材
电子资源:
ISBN: 7-301-04205-1
000 00762nam0 2200241 45
001 0198007120
005 20070724091316.35
010    @a7-301-04205-1@dCNY22.50
100    @a19980123d1999 em y0chiy0121 ea
101 0  @achi
102    @aCN@b110000
105    @ay zn 000yy
200 10 @a金融法@Ajin rong fa@e附:金融法自学考试大纲@f吴志攀主编@Fwu zhi pan zhu bian
210    @a北京@c北京大学出版社@d1999@h2002
215    @a447页@d20cm
300    @a全国高等教育自学考试指定教材 法律专业
517 1  @a附:金融法自学考试大纲@Afu:jin rong fa zi xue kao shi da gang
606    @a金融法@y中国@x高等学校@x教材
690    @aD922.231@v3
692    @a29.7512@v2
701  0 @a吴志攀@Awu zhi pan@4主编
801  0 @aCN@bTSSF@c20070724
905    @a10447@dD922.231@e752
    
    金融法:附:金融法自学考试大纲/吴志攀主编.-北京:北京大学出版社,1999(2002)
    447页;20cm
    全国高等教育自学考试指定教材 法律专业
    
    ISBN 7-301-04205-1:CNY22.50
    
●
相关链接 在E读中查询图书 在五车中查询图书 在当当中查询图书 在豆瓣中查询图书


正题名:金融法     索取号:D922.231/752         预约/预借

序号 登录号 条形码 馆藏地/架位号 状态 备注
1 0767154   207671544   第一样本阅览室/ [索取号:D922.231/752] 在馆    
2 0769061   207690612   密集书库/ [索取号:D922.231/752] 在馆    
唐山师范学院图书馆 欢迎您!
大连网信软件有限公司© 版权所有